[Event "51st National Challengers (National â€˜Bâ€™) Chess Cha"]
[Site "Bhopal, Madhya Pradesh-India"]
[Date "2013.10.12"]
[Round "1"]
[Board "2"]
[White "Adhiban, B."]
[Black "Anshuman, K"]
[Result "1-0"]
[WhiteElo "2587"]
[BlackElo "1965"]
[PlyCount "59"]
[EventDate "2013.10.12"]
[EventRounds "13"]
[EventCountry "IND"]

1. e4 c5 2. Nc3 Nc6 3. Nf3 e5 4. Bc4 d6 5. d3 Nh6 6. Nd5 Bg4 7. h3 Bxf3 8. Qxf3
Nd4 9. Qd1 b5 10. c3 bxc4 11. cxd4 Be7 12. dxc5 dxc5 13. Bxh6 gxh6 14. Qa4+ Qd7
15. Nc7+ Kd8 16. Qxd7+ Kxd7 17. Nxa8 cxd3 18. O-O Rxa8 19. Rfd1 c4 20. Rac1 Rc8
21. b3 Bb4 22. Rxc4 Rxc4 23. bxc4 d2 24. Kf1 Kc6 25. Ke2 Kc5 26. f4 Kxc4 27.
fxe5 Bc3 28. Rf1 Bxe5 29. Rxf7 Kc3 30. Rxa7 1-0

[Event "51st National Challengers (National â€˜Bâ€™) Chess Cha"]
[Site "Bhopal, Madhya Pradesh-India"]
[Date "2013.10.12"]
[Round "1"]
[Board "3"]
[White "Deep, Kapoor"]
[Black "Lalith, Babu M.R."]
[Result "0-1"]
[WhiteElo "1965"]
[BlackElo "2583"]
[PlyCount "92"]
[EventDate "2013.10.12"]
[EventRounds "13"]
[EventCountry "IND"]

1. e4 g6 2. d4 Bg7 3. c3 d6 4. f4 Nd7 5. Nf3 e5 6. fxe5 dxe5 7. Bc4 Qe7 8. O-O
Ngf6 9. Bg5 O-O 10. Nbd2 h6 11. Bxf6 Bxf6 12. Qb3 Kg7 13. Rf2 c5 14. dxe5 Bxe5
15. Nxe5 Nxe5 16. Bd5 Rb8 17. a4 Ng4 18. Re2 b6 19. Rf1 Bd7 20. h3 Ne5 21. Nc4
Bxa4 22. Qxa4 b5 23. Qa2 bxc4 24. Bxc4 Rb6 25. Bd5 c4 26. Kh1 Rf6 27. Rxf6 Qxf6
28. Bxc4 Qf1+ 29. Kh2 Rd8 30. b3 Qf4+ 31. g3 Qf1 32. Rf2 Nf3+ 33. Rxf3 Qxf3 34.
Bd5 Qxc3 35. Qxa7 Qf6 36. Kg2 Rc8 37. Bc4 Re8 38. Bd5 Re7 39. Qc5 Qe5 40. h4
Rc7 41. Qe3 Rc2+ 42. Kh3 Qb2 43. Qg1 h5 44. Bc4 Rf2 45. Qh1 Qd2 46. Qg1 Qd7+
0-1

[Event "51st National Challengers (National â€˜Bâ€™) Chess Cha"]
[Site "Bhopal, Madhya Pradesh-India"]
[Date "2013.10.12"]
[Round "1"]
[Board "4"]
[White "Sethuraman, S.P."]
[Black "Diwan, Rajesh"]
[Result "1/2-1/2"]
[WhiteElo "2566"]
[BlackElo "1959"]
[PlyCount "132"]
[EventDate "2013.10.12"]
[EventRounds "13"]
[EventCountry "IND"]

1. e4 c6 2. d3 d5 3. Nd2 e5 4. Ngf3 Bd6 5. d4 exd4 6. exd5 cxd5 7. Nb3 Nf6 8.
Bb5+ Bd7 9. Bxd7+ Nbxd7 10. O-O O-O 11. Nbxd4 Re8 12. c3 Ne5 13. Bg5 Nxf3+ 14.
Qxf3 Be7 15. Nf5 Bd6 16. Nh6+ Kf8 17. Rad1 Re5 18. Bxf6 Qxf6 19. Qxf6 gxf6 20.
Ng4 Rf5 21. Ne3 Rh5 22. g3 Rd8 23. Kg2 Bc5 24. Ng4 Kg7 25. Rd3 d4 26. Ne3 Bb6
27. cxd4 Rxd4 28. Rxd4 Bxd4 29. g4 Rg5 30. Nf5+ Kf8 31. h4 Rxg4+ 32. Kf3 h5 33.
Rc1 Ke8 34. b3 Be5 35. Rc4 Rg1 36. Ke4 Kd7 37. f4 b5 38. Rb4 a5 39. Rxb5 Rg4
40. Rd5+ Kc7 41. Kd3 Rxf4 42. Ne3 Rxh4 43. Rxa5 Kb6 44. Ra8 Rd4+ 45. Kc2 h4 46.
Nc4+ Kc5 47. Ra5+ Kc6 48. Nxe5+ fxe5 49. Rxe5 Rd5 50. Re2 h3 51. Rh2 Rh5 52.
Kd3 Kb5 53. a3 Kc6 54. Ke4 Ra5 55. a4 Rh5 56. Kf4 f5 57. Kg3 Rg5+ 58. Kxh3 Kc5
59. Rf2 Kb4 60. Rf3 f4 61. Rd3 Rg8 62. Kh4 Rg6 63. Rf3 Rg8 64. Kh5 Rg3 65.
Rxf4+ Kxb3 66. a5 Rg8 1/2-1/2

[Event "51st National Challengers (National â€˜Bâ€™) Chess Cha"]
[Site "Bhopal, Madhya Pradesh-India"]
[Date "2013.10.12"]
[Round "1"]
[Board "5"]
[White "Gavi, Siddayya"]
[Black "Debashis, Das"]
[Result "0-1"]
[WhiteElo "1956"]
[BlackElo "2497"]
[PlyCount "96"]
[EventDate "2013.10.12"]
[EventRounds "13"]
[EventCountry "IND"]

1. e4 c5 2. Nc3 d6 3. f4 Nc6 4. Nf3 g6 5. Bb5 Bd7 6. O-O Bg7 7. Qe1 Nb4 8. Qd1
Bxb5 9. Nxb5 Qd7 10. Na3 Nh6 11. d3 f5 12. c3 Nc6 13. Qe1 O-O 14. Bd2 Rae8 15.
Qh4 Nf7 16. Rae1 a6 17. Nc4 e6 18. Ne3 d5 19. Nd1 fxe4 20. dxe4 dxe4 21. Rxe4
e5 22. Rfe1 Nd6 23. R4e2 Bf6 24. Ng5 Nf5 25. Qh3 c4 26. Nf2 h6 27. Nf3 exf4 28.
Bxf4 Rxe2 29. Rxe2 g5 30. Bd2 Bg7 31. Qg4 Qf7 32. Qe4 Rd8 33. g4 Nfe7 34. Qe6
Ng6 35. Qxf7+ Kxf7 36. h3 Rd5 37. Be3 b5 38. Kf1 b4 39. cxb4 Nxb4 40. a3 Nd3
41. Rc2 Nxb2 42. Bc1 c3 43. Ke2 Nf4+ 44. Bxf4 gxf4 45. Ne4 Rd3 46. Nc5 Re3+ 47.
Kf2 Bf8 48. Ne4 Rxe4 0-1

[Event "51st National Challengers (National â€˜Bâ€™) Chess Cha"]
[Site "Bhopal, Madhya Pradesh-India"]
[Date "2013.10.12"]
[Round "1"]
[Board "6"]
[White "Vishnu, Prasanna. V"]
[Black "Dupit, Tabu"]
[Result "1-0"]
[WhiteElo "2496"]
[BlackElo "1955"]
[PlyCount "61"]
[EventDate "2013.10.12"]
[EventRounds "13"]
[EventCountry "IND"]

1. e4 e6 2. d4 d5 3. Nc3 Nf6 4. Bg5 Be7 5. e5 Nfd7 6. h4 a6 7. Qg4 f5 8. Qg3 c5
9. Nf3 Nc6 10. O-O-O b5 11. Ne2 c4 12. Be3 g6 13. h5 Nf8 14. hxg6 Nxg6 15. Rxh7
Rxh7 16. Qxg6+ Rf7 17. Nf4 c3 18. bxc3 Qa5 19. Kd2 b4 20. Bd3 bxc3+ 21. Ke2 Nb4
22. Rh1 Nxd3 23. Nxd3 Ra7 24. Rh8+ Bf8 25. Bh6 Qa3 26. Nc5 Ke7 27. Ng5 Kd8 28.
Bxf8 Rxf8 29. Ngxe6+ Bxe6 30. Rxf8+ Kc7 31. Qxe6 1-0

[Event "51st National Challengers (National â€˜Bâ€™) Chess Cha"]
[Site "Bhopal, Madhya Pradesh-India"]
[Date "2013.10.12"]
[Round "1"]
[Board "7"]
[White "Kranti, Kumar P."]
[Black "Kunte, Abhijit"]
[Result "0-1"]
[WhiteElo "1953"]
[BlackElo "2487"]
[PlyCount "100"]
[EventDate "2013.10.12"]
[EventRounds "13"]
[EventCountry "IND"]

1. e4 c5 2. Nf3 e6 3. c3 Nf6 4. e5 Nd5 5. Bc4 d6 6. Bxd5 exd5 7. d4 Nc6 8. exd6
Bxd6 9. Qe2+ Qe7 10. Qxe7+ Bxe7 11. Be3 c4 12. Bf4 f6 13. h3 Bf5 14. O-O Kf7
15. Re1 b5 16. Nbd2 b4 17. Nf1 bxc3 18. bxc3 Rhd8 19. a4 Rd7 20. Ne3 Bd3 21. a5
a6 22. Ra2 Bd8 23. Rea1 Raa7 24. Ne1 Bg6 25. g4 Rab7 26. h4 h5 27. gxh5 Bxh5
28. Nf5 Ke6 29. Ne3 Rb3 30. N1g2 Rxc3 31. Bg3 Kf7 32. Rd2 Bg6 33. Nf4 Be4 34.
h5 Rb3 35. Kh2 c3 36. Rdd1 c2 37. Rd2 Nb4 38. Rc1 Rb1 39. Ne2 Na2 40. Rdxc2
Nxc1 41. Rxc1 Rxc1 42. Nxc1 Rb7 43. Ne2 Bxa5 44. Nf4 Rb1 45. Kh3 f5 46. Nfxd5
Rh1+ 47. Bh2 f4 48. Nxf4 Bc7 49. Neg2 Bxg2+ 50. Kxg2 Rxh2+ 0-1

[Event "51st National Challengers (National â€˜Bâ€™) Chess Cha"]
[Site "Bhopal, Madhya Pradesh-India"]
[Date "2013.10.12"]
[Round "1"]
[Board "8"]
[White "Deepan, Chakkravarthy J."]
[Black "Singh, Soram Rahul"]
[Result "1-0"]
[WhiteElo "2476"]
[BlackElo "1953"]
[PlyCount "57"]
[EventDate "2013.10.12"]
[EventRounds "13"]
[EventCountry "IND"]

1. d4 Nf6 2. Nf3 g6 3. Nbd2 d5 4. b4 Bg7 5. e3 O-O 6. c4 Nbd7 7. Be2 dxc4 8.
Nxc4 Nd5 9. Bd2 N5b6 10. Na5 e5 11. O-O e4 12. Ne1 f5 13. Rc1 Nf6 14. g3 Kh8
15. Ng2 Rb8 16. b5 Be6 17. Bb4 Rf7 18. Qc2 Nfd5 19. Bc5 h5 20. f3 Qg5 21. fxe4
Nxe3 22. Qd2 Bh6 23. d5 Nxf1 24. Qxg5 Bxg5 25. dxe6 Bxc1 26. exf7 Nxg3 27. hxg3
Bh6 28. e5 Nd7 29. e6 1-0

[Event "51st National Challengers (National â€˜Bâ€™) Chess Cha"]
[Site "Bhopal, Madhya Pradesh-India"]
[Date "2013.10.12"]
[Round "1"]
[Board "9"]
[White "Naveen, Bansal"]
[Black "Narayanan, Srinath"]
[Result "0-1"]
[WhiteElo "1951"]
[BlackElo "2475"]
[PlyCount "74"]
[EventDate "2013.10.12"]
[EventRounds "13"]
[EventCountry "IND"]

1. d4 Nf6 2. c4 c5 3. d5 e6 4. Nc3 exd5 5. cxd5 d6 6. e4 g6 7. f3 Bg7 8. Bg5 h6
9. Be3 O-O 10. Qd2 h5 11. Nge2 Nbd7 12. Bg5 Re8 13. Nc1 a6 14. a4 Qa5 15. Be2
Rb8 16. Ra3 Ne5 17. O-O Qc7 18. h3 c4 19. Be3 b5 20. axb5 axb5 21. Ra7 Qd8 22.
b4 Re7 23. f4 Ned7 24. Bf3 Nb6 25. Rxe7 Qxe7 26. N1e2 Bd7 27. Nd4 Na4 28. e5
dxe5 29. fxe5 Qxe5 30. Bf4 Ne4 31. Nxe4 Qxd4+ 32. Qxd4 Bxd4+ 33. Kh2 Rc8 34.
Rd1 Bg7 35. Bd6 c3 36. Bc5 f5 37. Nd6 Rxc5 0-1

[Event "51st National Challengers (National â€˜Bâ€™) Chess Cha"]
[Site "Bhopal, Madhya Pradesh-India"]
[Date "2013.10.12"]
[Round "1"]
[Board "10"]
[White "Das, Arghyadip"]
[Black "Melesayi, Dawhuo"]
[Result "1-0"]
[WhiteElo "2471"]
[BlackElo "1949"]
[PlyCount "53"]
[EventDate "2013.10.12"]
[EventRounds "13"]
[EventCountry "IND"]

1. e4 c5 2. Nc3 Nc6 3. Nge2 g6 4. d4 cxd4 5. Nxd4 Bg7 6. Be3 d6 7. Qd2 Nf6 8.
f3 Bd7 9. O-O-O a6 10. g4 h6 11. h4 b5 12. Be2 Rc8 13. g5 hxg5 14. hxg5 Nh5 15.
f4 Qa5 16. Kb1 Rg8 17. Bf3 Nxd4 18. Bxd4 Be6 19. Bxh5 Bxd4 20. Qxd4 Rc4 21. Qd3
b4 22. Nd5 Bxd5 23. exd5 Rc3 24. bxc3 bxc3 25. Ka1 gxh5 26. Rb1 Kd7 27. Rb7+
1-0

[Event "51st National Challengers (National â€˜Bâ€™) Chess Cha"]
[Site "Bhopal, Madhya Pradesh-India"]
[Date "2013.10.12"]
[Round "1"]
[Board "11"]
[White "Polavarapu, Ramakrishna"]
[Black "Swapnil, S. Dhopade"]
[Result "0-1"]
[WhiteElo "1948"]
[BlackElo "2471"]
[PlyCount "84"]
[EventDate "2013.10.12"]
[EventRounds "13"]
[EventCountry "IND"]

1. Nf3 Nf6 2. c4 e6 3. Nc3 d5 4. d4 dxc4 5. e3 a6 6. Bxc4 b5 7. Be2 Bb7 8. O-O
Nbd7 9. a3 c5 10. dxc5 Bxc5 11. b4 Be7 12. Bb2 O-O 13. Qd4 Nb6 14. Rfd1 Qxd4
15. Rxd4 Nfd5 16. Nxd5 Bxd5 17. Rdd1 Rfc8 18. Bd4 Na4 19. Bd3 f6 20. e4 Bb3 21.
Rdc1 e5 22. Be3 Nb2 23. Rcb1 Bc4 24. Bxc4+ Nxc4 25. a4 Rab8 26. axb5 Nxe3 27.
fxe3 axb5 28. Ra7 Bf8 29. Nh4 Rc4 30. Nf5 Rxe4 31. Rd1 Rxb4 32. h3 Ra4 33. Rc7
Rc4 34. Ne7+ Kh8 35. Ra7 b4 36. Rdd7 b3 37. Rab7 Rb4 38. Rxb4 Rxb4 39. Rd8 g6
40. Rxf8+ Kg7 41. Rd8 b2 42. Rd1 Rc4 0-1

[Event "51st National Challengers (National â€˜Bâ€™) Chess Cha"]
[Site "Bhopal, Madhya Pradesh-India"]
[Date "2013.10.12"]
[Round "1"]
[Board "12"]
[White "Ashwin, Jayaram"]
[Black "Shailesh, Dravid"]
[Result "1-0"]
[WhiteElo "2461"]
[BlackElo "1944"]
[PlyCount "77"]
[EventDate "2013.10.12"]
[EventRounds "13"]
[EventCountry "IND"]

1. e4 c5 2. Nf3 d6 3. d4 cxd4 4. Nxd4 Nf6 5. Nc3 a6 6. Be3 e6 7. Be2 Qc7 8. a4
Nc6 9. O-O Be7 10. f4 O-O 11. Kh1 Re8 12. Bf3 Na5 13. Bf2 Nd7 14. Qd3 b6 15. b4
Nc4 16. Be2 Nb2 17. Qh3 Bf6 18. Rab1 Nc4 19. Qd3 Bb7 20. Ncb5 axb5 21. Nxb5 Qc6
22. Qxc4 Rac8 23. Qxc6 Rxc6 24. e5 Rxc2 25. Bd1 Ra2 26. exf6 Nxf6 27. Nxd6 Be4
28. Nxe4 Nxe4 29. Be1 Rd8 30. a5 bxa5 31. bxa5 h6 32. Bf3 f5 33. Bxe4 fxe4 34.
Rf2 Ra3 35. Re2 e3 36. g3 Kf7 37. Kg2 Rdd3 38. Rb5 Kf6 39. h4 1-0

[Event "51st National Challengers (National â€˜Bâ€™) Chess Cha"]
[Site "Bhopal, Madhya Pradesh-India"]
[Date "2013.10.12"]
[Round "1"]
[Board "13"]
[White "Godbole, Atharva"]
[Black "Neelotpal, Das"]
[Result "0-1"]
[WhiteElo "1942"]
[BlackElo "2455"]
[PlyCount "60"]
[EventDate "2013.10.12"]
[EventRounds "13"]
[EventCountry "IND"]

1. e4 e6 2. d4 d5 3. e5 c5 4. c3 Qb6 5. Nf3 Nc6 6. a3 Nh6 7. b4 cxd4 8. cxd4
Nf5 9. Be3 f6 10. exf6 gxf6 11. Nc3 Bd7 12. Bd3 Nxe3 13. fxe3 Nxb4 14. axb4
Bxb4 15. Rc1 Rc8 16. O-O Rxc3 17. Rxc3 Bxc3 18. Qc2 Bb4 19. Bxh7 Kd8 20. Qg6
Kc8 21. Qg7 Qd8 22. Nh4 Qf8 23. Rc1+ Kd8 24. Qg6 Qe7 25. Bg8 Bd2 26. Qg3 Bxc1
27. Ng6 Qa3 28. Qb8+ Bc8 29. Nxh8 Bxe3+ 30. Kf1 Qd3+ 0-1

[Event "51st National Challengers (National â€˜Bâ€™) Chess Cha"]
[Site "Bhopal, Madhya Pradesh-India"]
[Date "2013.10.12"]
[Round "1"]
[Board "14"]
[White "Karthikeyan, Murali"]
[Black "Savant, Riya"]
[Result "1-0"]
[WhiteElo "2444"]
[BlackElo "1939"]
[PlyCount "93"]
[EventDate "2013.10.12"]
[EventRounds "13"]
[EventCountry "IND"]

1. e4 c5 2. Nf3 Nc6 3. Bb5 g6 4. O-O Nf6 5. e5 Nd5 6. Re1 Bg7 7. Nc3 Nc7 8.
Bxc6 dxc6 9. Ne4 Ne6 10. d3 O-O 11. Be3 b6 12. Qd2 Nd4 13. Nxd4 cxd4 14. Bh6 c5
15. h4 Bb7 16. h5 Qd5 17. Bxg7 Kxg7 18. Qf4 h6 19. f3 g5 20. Qg3 Rad8 21. Re2
Qd7 22. Rae1 Bxe4 23. Rxe4 Rde8 24. e6 Qd6 25. Qxd6 exd6 26. exf7 Rxe4 27. Rxe4
Kxf7 28. g4 Re8 29. Rxe8 Kxe8 30. f4 gxf4 31. Kf2 Kf7 32. Kf3 Kf6 33. Kxf4 d5
34. a4 a6 35. b3 b5 36. axb5 axb5 37. g5+ hxg5+ 38. Kg4 c4 39. h6 Kg6 40. h7
Kxh7 41. Kxg5 Kg7 42. Kf5 Kf7 43. Ke5 Ke7 44. Kxd5 cxb3 45. cxb3 Kd7 46. Kxd4
Kd6 47. b4 1-0

[Event "51st National Challengers (National â€˜Bâ€™) Chess Cha"]
[Site "Bhopal, Madhya Pradesh-India"]
[Date "2013.10.12"]
[Round "1"]
[Board "15"]
[White "Srinath, Rao S.V."]
[Black "Gagare, Shardul"]
[Result "1/2-1/2"]
[WhiteElo "1938"]
[BlackElo "2443"]
[PlyCount "63"]
[EventDate "2013.10.12"]
[EventRounds "13"]
[EventCountry "IND"]

1. d4 Nf6 2. Nf3 g6 3. c4 Bg7 4. Nc3 O-O 5. e4 d6 6. Be2 e5 7. O-O Nc6 8. d5
Ne7 9. b4 a5 10. bxa5 Nxe4 11. Nxe4 f5 12. Nc3 e4 13. Nd4 c5 14. dxc6 bxc6 15.
Bb2 Rb8 16. Nb3 d5 17. cxd5 cxd5 18. Rb1 d4 19. Bc4+ Kh8 20. Nb5 d3 21. Bxg7+
Kxg7 22. f3 Ba6 23. Na3 Bxc4 24. Nxc4 Rc8 25. Rc1 Nd5 26. fxe4 fxe4 27. Rxf8
Qxf8 28. Qg4 Nf4 29. Kh1 Ne2 30. Qd7+ Kh6 31. Qh3+ Kg7 32. Qd7+ 1/2-1/2

[Event "51st National Challengers (National â€˜Bâ€™) Chess Cha"]
[Site "Bhopal, Madhya Pradesh-India"]
[Date "2013.10.12"]
[Round "1"]
[Board "16"]
[White "Swayams, Mishra"]
[Black "Sumit, Grover"]
[Result "1-0"]
[WhiteElo "2434"]
[BlackElo "1935"]
[PlyCount "75"]
[EventDate "2013.10.12"]
[EventRounds "13"]
[EventCountry "IND"]

1. d4 Nf6 2. Nf3 e6 3. c4 c5 4. e3 d5 5. cxd5 exd5 6. Bb5+ Bd7 7. Be2 Nc6 8.
O-O Be7 9. dxc5 Bxc5 10. Nc3 Bg4 11. h3 Bh5 12. Qb3 Qb6 13. Nxd5 Qxb3 14. Nxf6+
Ke7 15. axb3 Kxf6 16. Bd2 Ke7 17. Bc3 f6 18. Rfc1 Bd6 19. Kf1 Rhc8 20. Bc4 Bxf3
21. gxf3 Ne5 22. Bd5 Rc7 23. Ke2 Nc6 24. f4 Rac8 25. Rg1 Kf8 26. Rgd1 Ke7 27.
Ra4 Bc5 28. Rc4 Nd8 29. f5 Nf7 30. Be6 Rd8 31. Rxc5 Rxc5 32. Bb4 b6 33. Bxf7
Rxd1 34. Kxd1 Kxf7 35. Bxc5 bxc5 36. Kc2 g5 37. fxg6+ Kxg6 38. e4 1-0

[Event "51st National Challengers (National â€˜Bâ€™) Chess Cha"]
[Site "Bhopal, Madhya Pradesh-India"]
[Date "2013.10.12"]
[Round "1"]
[Board "19"]
[White "Dhananjay, S"]
[Black "Laxman, R.R."]
[Result "0-1"]
[WhiteElo "1930"]
[BlackElo "2424"]
[PlyCount "56"]
[EventDate "2013.10.12"]
[EventRounds "13"]
[EventCountry "IND"]

1. d4 Nf6 2. Nf3 e6 3. g3 b5 4. Bg2 Bb7 5. O-O c5 6. c3 Na6 7. e3 Be7 8. Qe2
Nc7 9. Rd1 c4 10. Nbd2 d5 11. Ne5 O-O 12. a4 a6 13. a5 Nce8 14. e4 Nd6 15. exd5
Bxd5 16. Re1 Bxg2 17. Kxg2 Qc7 18. Qf3 Nd5 19. Ne4 f6 20. Qg4 f5 21. Qh3 Nxe4
22. Rxe4 Qb7 23. Kg1 fxe4 24. Qxe6+ Kh8 25. Nf7+ Rxf7 26. Qxf7 Qd7 27. Bd2 Nf6
28. d5 Nxd5 0-1

[Event "51st National Challengers (National â€˜Bâ€™) Chess Cha"]
[Site "Bhopal, Madhya Pradesh-India"]
[Date "2013.10.13"]
[Round "2"]
[Board "1"]
[White "Sengupta, Deep"]
[Black "Visakh, Nr"]
[Result "1/2-1/2"]
[WhiteElo "2589"]
[BlackElo "2218"]
[PlyCount "172"]
[EventDate "2013.10.12"]
[EventRounds "13"]
[EventCountry "IND"]

1. e4 c5 2. Nc3 e6 3. Nf3 a6 4. d4 cxd4 5. Nxd4 Qc7 6. Be2 b5 7. f4 Bb7 8. Bf3
Nc6 9. Nb3 d6 10. Qe2 Nf6 11. O-O Be7 12. a3 O-O 13. Be3 Nd7 14. Qf2 Rac8 15.
Rfd1 Nc5 16. Rd2 Qb8 17. Nxc5 dxc5 18. e5 Nd4 19. Bxd4 cxd4 20. Ne4 Rfd8 21.
Rad1 Qa8 22. Qe2 Qa7 23. Kh1 Rd7 24. h3 Rcd8 25. Rd3 a5 26. Nd2 Ba6 27. f5 b4
28. axb4 axb4 29. fxe6 fxe6 30. Be4 Bf8 31. Qh5 g6 32. Rg3 Bg7 33. Qg4 Qb6 34.
Nf3 Be2 35. Re1 d3 36. cxd3 Bxd3 37. Bxd3 Rxd3 38. Ng5 Rxg3 39. Qxg3 h6 40. Ne4
Kh7 41. Rf1 Qc7 42. Nf6+ Bxf6 43. Rxf6 Rg8 44. Kh2 Qc4 45. b3 Qd5 46. Rf4 Qb5
47. Qe1 Rg7 48. Rxb4 Qd5 49. Qe3 Rf7 50. Rh4 h5 51. Rd4 Qc5 52. b4 Qc2 53. Rd6
Qc4 54. Rd4 Qc2 55. Rf4 Rxf4 56. Qxf4 Qb3 57. Qf7+ Kh6 58. Qf8+ Kh7 59. Qc5 Qa4
60. Qe7+ Kh6 61. h4 Qb5 62. Qf8+ Kh7 63. Qc5 Qd7 64. b5 Qd8 65. Qf2 Qb8 66. b6
Qxe5+ 67. Qg3 Qe4 68. Qf2 Qb4 69. g3 e5 70. Qf7+ Kh6 71. b7 Qb2+ 72. Kh3 Qb1
73. Qf8+ Kh7 74. Qe7+ Kh6 75. Qf8+ Kh7 76. Qf7+ Kh6 77. Qf3 Kh7 78. Kh2 Qb2+
79. Qg2 Qb6 80. Qe4 Qf2+ 81. Kh3 Qf1+ 82. Qg2 Qb1 83. Qf3 Kg7 84. g4 hxg4+ 85.
Kxg4 Qb4+ 86. Kg3 e4 1/2-1/2

[Event "51st National Challengers (National â€˜Bâ€™) Chess Cha"]
[Site "Bhopal, Madhya Pradesh-India"]
[Date "2013.10.13"]
[Round "2"]
[Board "2"]
[White "Singh, S. Vikramjit"]
[Black "Adhiban, B."]
[Result "1/2-1/2"]
[WhiteElo "2221"]
[BlackElo "2587"]
[PlyCount "71"]
[EventDate "2013.10.12"]
[EventRounds "13"]
[EventCountry "IND"]

1. d4 Nf6 2. c4 e6 3. Nf3 d5 4. Nc3 c6 5. g3 Nbd7 6. Bg2 dxc4 7. O-O Be7 8. e4
O-O 9. a4 b6 10. Qe2 Ba6 11. Rd1 Re8 12. b3 c5 13. dxc5 Bxc5 14. e5 Nd5 15.
Nxd5 exd5 16. Rxd5 Bb7 17. Rd1 cxb3 18. Qb5 b2 19. Bxb2 Re7 20. e6 fxe6 21. Ne5
Qf8 22. Bxb7 Nxe5 23. Bxa8 Qxf2+ 24. Kh1 Nf3 25. Rd8+ Kf7 26. Rd2 Nxd2 27. Qd3
Kg8 28. Bg2 Qe3 29. Qd8+ Kf7 30. Qh8 Kg6 31. Qa8 Nc4 32. Be4+ Kh5 33. Bf3+ Kg6
34. Be4+ Kh5 35. Bf3+ Kg6 36. Be4+ 1/2-1/2

[Event "51st National Challengers (National â€˜Bâ€™) Chess Cha"]
[Site "Bhopal, Madhya Pradesh-India"]
[Date "2013.10.13"]
[Round "2"]
[Board "3"]
[White "Lalith, Babu M.R."]
[Black "Akash Pc, Iyer"]
[Result "1-0"]
[WhiteElo "2583"]
[BlackElo "2206"]
[PlyCount "69"]
[EventDate "2013.10.12"]
[EventRounds "13"]
[EventCountry "IND"]

1. Nf3 Nf6 2. c4 g6 3. Nc3 Bg7 4. e4 d6 5. d4 O-O 6. Be2 c5 7. O-O Na6 8. d5
Nc7 9. h3 a6 10. a4 e6 11. dxe6 Nxe6 12. Be3 b6 13. Qc2 Bb7 14. Rfd1 Qe7 15. a5
bxa5 16. Nd5 Nxd5 17. exd5 Nc7 18. Rxa5 Rab8 19. Ra2 Bc8 20. Bd3 h6 21. Bd2 Qf6
22. Bc3 Qf4 23. Nd2 Bxc3 24. Qxc3 Bf5 25. Bxf5 Qxf5 26. f3 Rb6 27. Ne4 f6 28.
Qe3 g5 29. b4 Rxb4 30. Nxd6 Qe5 31. Qxc5 Rfb8 32. Qxc7 Rb1 33. Rad2 Qe3+ 34.
Kh1 Qxd2 35. Qxb8+ 1-0

[Event "51st National Challengers (National â€˜Bâ€™) Chess Cha"]
[Site "Bhopal, Madhya Pradesh-India"]
[Date "2013.10.13"]
[Round "2"]
[Board "4"]
[White "Debashis, Das"]
[Black "Imocha, Laishram"]
[Result "1-0"]
[WhiteElo "2497"]
[BlackElo "2197"]
[PlyCount "127"]
[EventDate "2013.10.12"]
[EventRounds "13"]
[EventCountry "IND"]

1. d4 Nf6 2. c4 e6 3. Nc3 Bb4 4. e3 O-O 5. Bd3 d5 6. Nf3 c5 7. O-O dxc4 8. Bxc4
a6 9. a4 cxd4 10. exd4 Qc7 11. Qd3 Bxc3 12. bxc3 b6 13. Bb3 Bb7 14. Re1 Qc6 15.
c4 Rd8 16. Bb2 Nbd7 17. Qe2 Nf8 18. Rac1 Re8 19. Qe3 Ng6 20. Red1 h6 21. h3 Nh5
22. Ne1 Ngf4 23. f3 Qc7 24. Qf2 Rad8 25. Nd3 Qe7 26. Nxf4 Nxf4 27. Rc3 e5 28.
d5 Bc8 29. Kh1 Bf5 30. Bc1 Qb4 31. Bd2 Ng6 32. Re3 Qc5 33. Bc3 Nf4 34. Qd2 Qd6
35. Rde1 f6 36. a5 bxa5 37. Bxa5 Rb8 38. Ba2 Rec8 39. Rb3 Rxb3 40. Bxb3 Rb8 41.
Re3 h5 42. Bd1 h4 43. Rb3 Rc8 44. Rb4 Qd7 45. Ba4 Qd6 46. Bc6 Nh5 47. Ra4 e4
48. Bb4 Qe5 49. Ra3 Rb8 50. Re3 Ng3+ 51. Kg1 a5 52. Bxa5 Rb1+ 53. Re1 e3 54.
Qa2 Rxe1+ 55. Bxe1 e2 56. Qd2 Qa1 57. d6 Qa7+ 58. Bf2 Qa1+ 59. Qe1 Qe5 60. d7
Bxd7 61. Bxd7 g5 62. f4 gxf4 63. Bg4 f3 64. Bxf3 1-0

[Event "51st National Challengers (National â€˜Bâ€™) Chess Cha"]
[Site "Bhopal, Madhya Pradesh-India"]
[Date "2013.10.13"]
[Round "2"]
[Board "5"]
[White "K., Praneeth Surya"]
[Black "Vishnu, Prasanna. V"]
[Result "0-1"]
[WhiteElo "2210"]
[BlackElo "2496"]
[PlyCount "138"]
[EventDate "2013.10.12"]
[EventRounds "13"]
[EventCountry "IND"]

1. e4 e5 2. Nf3 Nc6 3. Bb5 a6 4. Ba4 Nf6 5. O-O Be7 6. Re1 b5 7. Bb3 d6 8. c3
O-O 9. h3 Nb8 10. d4 Nbd7 11. Nbd2 Bb7 12. Bc2 Re8 13. a4 Bf8 14. Bd3 c6 15. b3
g6 16. Bb2 Nh5 17. Bf1 Nf4 18. g3 Ne6 19. Qc2 Rc8 20. dxe5 dxe5 21. Ba3 Bg7 22.
Rad1 Qb6 23. c4 bxa4 24. c5 Ndxc5 25. b4 Nb3 26. Nc4 Qc7 27. Nd6 Nbd4 28. Nxd4
Nxd4 29. Nxe8 Rxe8 30. Qd3 a5 31. bxa5 Qxa5 32. Rb1 Bc8 33. Bb4 Qa7 34. Rec1
Bf8 35. Bxf8 Rxf8 36. Qa3 Be6 37. Bc4 Bxh3 38. Rb4 Ra8 39. Bf1 Qd7 40. Rd1 Bxf1
41. Rxf1 Nc2 42. Rxa4 Nxa3 43. Rxa8+ Kg7 44. Rxa3 Qd4 45. Re3 h5 46. Rc1 c5 47.
Kg2 Kh6 48. Rc2 Kg5 49. Re1 Kf6 50. f3 Ke6 51. Ree2 g5 52. Red2 Qe3 53. Re2 Qd3
54. Red2 Qb5 55. Rd5 g4 56. fxg4 Qa4 57. Re2 Qc4 58. Rdd2 hxg4 59. Re3 Qc1 60.
Ree2 Qc3 61. Rf2 Qe3 62. Rde2 Qd3 63. Kh2 c4 64. Re1 Kd6 65. Kg2 c3 66. Ree2
Kc5 67. Kh2 Kc4 68. Ra2 Qb1 69. Ra7 c2 0-1

[Event "51st National Challengers (National â€˜Bâ€™) Chess Cha"]
[Site "Bhopal, Madhya Pradesh-India"]
[Date "2013.10.13"]
[Round "2"]
[Board "6"]
[White "Kunte, Abhijit"]
[Black "Krishna Teja, N"]
[Result "1-0"]
[WhiteElo "2487"]
[BlackElo "2185"]
[PlyCount "127"]
[EventDate "2013.10.12"]
[EventRounds "13"]
[EventCountry "IND"]

1. d4 f5 2. g3 Nf6 3. Bg2 e6 4. c4 Be7 5. Nf3 O-O 6. O-O d6 7. b4 Ne4 8. Bb2 a5
9. b5 a4 10. Qc2 c6 11. bxc6 Nxc6 12. Ba3 Bd7 13. Nbd2 Nxd2 14. Qxd2 Na5 15.
Rfc1 Rc8 16. Qd3 b5 17. cxb5 Qb6 18. Rab1 Rxc1+ 19. Bxc1 Rc8 20. d5 e5 21. Be3
Qb7 22. Nd2 e4 23. Qd4 Rc5 24. b6 Bf6 25. Qb4 Rb5 26. Qxb5 Bxb5 27. Rxb5 Qa6
28. Rb1 Qc8 29. Bh3 Bd8 30. Rb4 Qc1+ 31. Kg2 Qa3 32. Rb5 Nb7 33. Bxf5 Qc3 34.
Bxe4 g6 35. Bd3 Qa3 36. Bc4 Qc3 37. Rb1 Qa5 38. Ne4 a3 39. Rb5 Qe1 40. Rb3 Qa5
41. h4 Qa4 42. Nd2 Qa5 43. Nb1 Qa4 44. Nd2 Qa5 45. Bb5 Qa8 46. Bc6 Qa6 47. Ne4
Qc4 48. Nd2 Qa6 49. Kg1 Bf6 50. Ne4 Be5 51. Rb4 Qxe2 52. Bxb7 Qe1+ 53. Kh2 Qxb4
54. Bc6 Bd4 55. Bxd4 Qxd4 56. b7 Qb4 57. Nc3 Kg7 58. Bb5 Qd4 59. b8=Q Qxf2+ 60.
Kh3 Qg1 61. Qc7+ Kg8 62. Qd8+ Kg7 63. Qe7+ Kg8 64. Qe4 1-0